000 01134njm a22002777a 4500
005 20100901115333.0
006 a|||||r|||||00| 0
007 sd ammalaaahaa
008 100901t xxu||||| |||| 00| 0 eng d
028 _aN 53982
_bHis Master Voice
035 _aGR-01018
040 _aSED
_cSED
100 _aMukesh
_917891
245 _aNaqli Nawab /
_cby Mukesh [and] Mohd Rafi ; Music by Babul ; lyrices by Kaifi Aazmi
_h[Sound recording]
246 _aनकली नवाब / मुकेश
260 _aDUM DUM, India
_bHis Master Voice
300 _a1 Sound disc [Gramophone Recording] :
_banalog, 33 1/3 rpm
_c9.5 in. (MP)
_fGramophone Record
500 _aBrief record
505 _aSide-1 दुनिया के मालिक (Duniya ke malik) (Muskan)--Side-2 तुम पूछते ही इश्क (Tum puchte hi ishk) (Mohd Rafi)
650 _aClassical music
_xExcerpts
_zIndia
_917892
700 _aRafi, Mohd
_918746
700 _aBabul
_918767
700 _aAazmi, Kaifi
_918747
942 _2ddc
_cGR
999 _c44288
_d44288